Tratado de electricidad
Saved in:
| Hovedforfatter: | |
|---|---|
| Format: | Bog |
| Sprog: | spansk |
| Udgivet: |
Ciudad de México
Gustavo Gili
1979
|
| Udgivelse: | 8a. ed |
| Fag: | |
| Tags: |
Tilføj Tag
Ingen Tags, Vær først til at tagge denne postø!
|
MARC
| LEADER | 00000nam a2200000 a 4500 | ||
|---|---|---|---|
| 001 | UCP0900 | ||
| 003 | CL-VaPUC | ||
| 008 | 990319e19790000MX |||||||||||||||||spa|d | ||
| 082 | 0 | 4 | |a 621.3 |b DAW |2 21 |
| 100 | 0 | |a Dawes, Chester Laurens |e author |9 426546 | |
| 245 | 1 | 0 | |a Tratado de electricidad |
| 250 | |a 8a. ed | ||
| 300 | |a 2 v | ||
| 942 | |c BK | ||
| 945 | |d 19990319 00:00:00 |a lriquelm | ||
| 260 | |a Ciudad de México |b Gustavo Gili |c 1979 | ||
| 500 | |a v.1: Corriente continua | ||
| 650 | 0 | |a Electricidad |9 260222 | |
| 650 | 7 | |a CORRIENTES CONTINUAS |2 CL-VaPUC |9 324433 | |
| 650 | 0 | |a Corrientes eléctricas |9 354960 | |
| 650 | 7 | |a RESISTENCIAS ELECTRICAS |2 CL-VaPUC |9 263527 | |
| 650 | 0 | |a Electromagnetismo |9 260123 | |
| 650 | 7 | |a GENERADORES ROTATORIOS |2 CL-VaPUC |9 426547 | |
| 583 | |a last modification |c 19990319 00:00:00 |k Rodrigo Vera | ||
| 999 | |c 279635 |d 279633 | ||
| 952 | |0 0 |1 0 |4 0 |6 621_300000000000000_DAW_1979 |7 0 |8 A |9 319253 |a BIBMEC |b BIBMEC |d 2019-11-20 |h v.1 |i 1329081 |o 621.3 DAW 1979 |p 1329081 |r 2019-11-20 |w 2019-11-20 |y BK |k MEC | ||